| 000 | 00497nam a2200193 a 4500 | ||
|---|---|---|---|
| 020 | _a0395638070 | ||
| 040 | _cDLC | ||
| 082 | 0 | 0 | _a512 HOU 1993 A057 Or. |
| 100 | 1 | _aAufmann, Richard N. | |
| 245 | 1 | 0 | _aCollege algebra / |
| 250 | _a2nd ed. | ||
| 260 |
_aBoston : _bHoughton Mifflin Co., _cc1993 |
||
| 300 |
_axxi, 476, 68, 6 p. : _bill. (some col.) ; _c26 cm. |
||
| 500 | _aIncludes index. | ||
| 650 | 0 | _aAlgebra. | |
| 700 | 1 | _aBarker, Vernon C. | |
| 700 | 1 | _aNation, Richard. | |
| 942 | _cEK | ||
| 999 |
_c13992 _d13992 |
||